Drama and theatre in Nigeria a critical source book

Guardat en:
Dades bibliogràfiques
Autor principal: Ogunbiyi Yemi
Format: Llibre
Idioma:anglès
Publicat: Magazine 1981
Etiquetes: Afegir etiqueta
Sense etiquetes, Sigues el primer a etiquetar aquest registre!

MARC

LEADER 00000nam a22000007a 4500
008 201208b ||||| |||| 00| 0 eng d
100 |a Ogunbiyi Yemi 
245 |a Drama and theatre in Nigeria  |b a critical source book  |c Yemi Ogunbiyi 
260 |b Magazine  |c 1981  |d Book  |h Lagos, Nigeria  |i 209618  |i 209619  |i 236668  |l PN2990.N50g9  |m Drama  |m Theatre 
942 |a lcc  |c BK  |e Adeagbo, O.O  |f 8/12/2020 
952 |0 0  |1 0  |2 lcc  |4 0  |6 PN2990 N50 G9  |7 0  |9 263  |a HOL  |b AC  |c LP  |d 2020-12-08  |l 0  |o PN2990.N50g9  |p 2020-0203  |r 2020-12-08 00:00:00  |w 2020-12-08  |y BK 
952 |0 0  |1 0  |2 lcc  |4 0  |7 0  |9 264  |a HOL  |b AC  |c LP  |d 2020-12-08  |o PN2990.N50g9  |p 2020-0204  |r 2020-12-08 00:00:00  |w 2020-12-08  |y BK 
952 |0 0  |1 0  |2 lcc  |4 0  |6 PN2990 N50 G9  |7 0  |9 265  |a HOL  |b HOL  |c LP  |d 2020-12-08  |l 0  |o PN2990.N50g9  |p 2020-0205  |r 2020-12-08 00:00:00  |w 2020-12-08  |y BK 
999 |c 107  |d 107